| 000 | 00984cam a22002771 4500 | ||
|---|---|---|---|
| 001 | g 01001845 | ||
| 003 | DLC | ||
| 005 | 20260227111256.0 | ||
| 007 | cr_||||||||||| | ||
| 008 | 920427s1900 gw 000 0 ger | ||
| 010 | _ag 01001845 | ||
| 035 | _a(OCoLC)25717137 | ||
| 040 |
_aDLC _cTxU _dTxU _dDLC |
||
| 042 | _apremarc | ||
| 050 | 0 | 0 |
_aD16.8.H6 _bG7 |
| 100 | 1 |
_aGrundmann, Johannes, _d1870- |
|
| 245 | 0 | 4 | _aDie geographischen und völkerkundlichen Quellen und Anschauungen in Herders "Ideen zur Geschichte der Menschheit" ... |
| 260 |
_aBerlin, _bDruck von G. Bernstein, _c1900. |
||
| 300 |
_a1 p. l., 113, [1] p. _c23 cm. |
||
| 490 | 0 |
_aHerder studies, _vv.1 |
|
| 502 | _aInaug.-Diss.--Leipzig. | ||
| 500 | _aVita. | ||
| 530 | _aAlso available in digital form on the Internet Archive Web site. | ||
| 600 | 1 | 0 |
_aHerder, Johann Gottfried, _d1744-1803. _tIdeen zur Philosophie der Geschichte der Menschheit. |
| 856 | 4 | 1 | _uhttp://hdl.loc.gov/loc.gdc/scd0001.00185115471 |
| 999 |
_c23850 _d23850 |
||